5HLuxD.jpg

KING HENRY VIII SENIOR AND PRIMARY SCHOOL LIBRARY OPAC

FEARSOME FOREST FIRES (Record no. 4155)

000 -LEADER
fixed length control field 00298nam a22001097a 4500
008 - FIXED-LENGTH DATA ELEMENTS--GENERAL INFORMATION
fixed length control field 250122b ||||| |||| 00| 0 eng d
020 ## - INTERNATIONAL STANDARD BOOK NUMBER
International Standard Book Number 9780766068094
082 ## - DEWEY DECIMAL CLASSIFICATION NUMBER
Classification number 634 KAT
100 ## - MAIN ENTRY--PERSONAL NAME
Personal name JANE KATIRGIS
Relator term KATIRGIS,JANE
245 ## - TITLE STATEMENT
Title FEARSOME FOREST FIRES
942 ## - ADDED ENTRY ELEMENTS (KOHA)
Source of classification or shelving scheme
Classification part 634 KAT
Holdings
Withdrawn status Lost status Source of classification or shelving scheme Damaged status Not for loan Collection code Permanent Location Current Location Shelving location Date acquired Total Checkouts Full call number Barcode Date last seen Date last checked out Price effective from Koha item type Public note
          Non-Fiction KH8 Primary School Library KH8 Primary School Library Non Fiction 2025-01-22 1 634 KAT 3KHPL000002156 2025-12-05 2025-05-20 2025-01-22 Books - Non Ficton KH8 PRIMARY LIBRARY

Powered By KH8 IT Dept